4 American Geography Foursomes Quiz Stats

 Plays Quiz Updated May 16, 2019

Score 0/16 Timer 02:00
2 Plays Today
Hint Answer % Correct
Countries Less Than 100km Away from the Continental USMexico
96.4%
Countries Less Than 100km Away from the Continental USCanada
96.2%

Four Corner States
Colorado
89.7%

Four Corner States
Utah
88.1%

Four Corner States
Arizona
86.9%

Four Corner States
New Mexico
86.7%
US States that Are
Commonwealths
Virginia
76.8%

State Capitals Named After Presidents
Lincoln
68.7%
Hint Answer % Correct
US States that Are
Commonwealths
Massachusetts
66.2%
Countries Less Than 100km Away from the Continental USRussia
65.5%
US States that Are
Commonwealths
Pennsylvania
60.2%

State Capitals Named After Presidents
Jefferson City
60.1%
Countries Less Than 100km Away from the Continental USBahamas
59%

State Capitals Named After Presidents
Madison
50.5%
US States that Are
Commonwealths
Kentucky
50.2%

State Capitals Named After Presidents
Jackson
48.9%

You're not logged in!

Compare scores with friends on all Sporcle quizzes.
OR
Log In

Show Comments

Extras

Top Quizzes Today


Score Distribution

Your Account Isn't Verified!

In order to create a playlist on Sporcle, you need to verify the email address you used during registration. Go to your Sporcle Settings to finish the process.

Report this User

Report this user for behavior that violates our Community Guidelines.

Details: